000 00484nam a2200205Ia 4500
005 20241216005940.0
008 180423s9999||||xx |||||||||||||| ||und||
082 _a155.7
_bC19
100 _aCHANG TRUJILLO, GERMAN
245 0 _aPSICOLOGIA DEL DESARROLLO
_bINFANCIA I
250 _a2
260 _aPERU
_bCARIBE
_c1987
300 _a201 pag.
_c21 cm
341 _h0
490 _v0
_a0
541 _aC
_d03-Dec-93
650 _aFILOSOFIA
856 _zHumanidades
942 _cLIBRO
999 _c1489
_d1489